000 00829nam 22002053 4500
001 201166
021 _aPT
090 _a201166
100 _a20231030d u||y0pory50 ba
101 _apor
102 _aPT
200 _aTendances du Roman contemporain au Portugal
_fJoão Camilo
_edu neo-realisme a l'actualite
300 _aSep. L'enseignement et l'expansion de la littérature portugaise en France. Actes du colloque, Paris, 1985
317 _a. - Oferta com dedicatória do escritor ao Prof. Dr. Almeida Faria
461 _hp.195-239
_tSeparata L'enseignement et l'expansion de la littérature portugaise en France. Actes du colloque, Paris, 1985
606 _93661
_aCrítica Literária.Estudos Literários
700 _93868
_aCamilo
_bJoão
_f1943-
801 _aPT
_bBMMN
_gRPC
990 _cLIVROS